Регионална библиотека "Любен Каравелов" - Русе

Вълнисти папагалчета (Запис номер 21287)

MARC детайли
000 -Лидер
Контролно поле с фиксирана дължина 01706nam a2200397 c 4500
003 - Код на организацията, давaща контролен номер
Контролно поле BLK
005 - Дата и час на последна редакция
Контролно поле 20240511121536.0
008 - Елементи от данни с фиксирана дължина
fixed length control field 180413b bul|||||r ||||||| ||bul||
010 ## - Наследен системен номер
LC control number KNG00023564000
040 ## - Източник на каталожния запис
Идентификатор на билиотеката - собственик на записа BLK
041 ## - Код за език
Код за езика на текст/звукозапис или на отделно заглавие Български
Код за езика КДБФ Български
080 ## - УДК
Текстов определител УДК Птици, които се отглеждат от човека. Декоративни и пойни птици
УДК код - определител по УДК 636.6
УДК определител .083(035)
УДК - код + определител 636.6.083(035)
100 1# - Редна дума - Автор
Автор Бирмелин, Имануел
Авторска отговорност първи автор
R(LIN) 39212
139 ## - Редно поле
Редна дума Бирмелин, Имануел и др.
Авторски знак Био - Б 45
245 10 - Сведения за заглавието
Заглавие Вълнисти папагалчета
Редно поле (дума) Имануел Бирмелин; съавт. Анете Волтер; прев. от нем. Ваня Пенева.
257 ## - Страна на издаване
Страна на създаване/издаване Германия
260 ## - Област на издателските данни
-- София
Име на издателя, разпространителя и проч. Емас
Година на издаване 1998
Печатница София : Балкан прес
300 ## - Физическа характеристика
Страници 271 с.
Илюстрации и др. с ил., 8 л. цв. ил.
Размери/Мащаб 20 см
380 ## - Жанр
Жанр Селско стопанство
490 1# - СЕРИИ (Колекции)
Име на серия Домашни любимци
500 ## - Общи забележки
Забележка Ориг. загл. Wellensittiche / I. Birmelin, A. Wolter. - Офс. изд. - 2 000 тир.
650 #4 - Допълнително описание по предмет – тема
Основно описание – тема или топоним Папагали - отглеждане
9 (RLIN) 165657
650 #4 - Допълнително описание по предмет – тема
Основно описание – тема или топоним Птици, декоративни - отглеждане и болести
9 (RLIN) 253612
653 ## - Ключова дума – ненормативна
Ключова дума папагали
653 ## - Ключова дума – ненормативна
Ключова дума декоративни птици
653 ## - Ключова дума – ненормативна
Ключова дума наръчници
653 ## - Ключова дума – ненормативна
Ключова дума ръководства
700 1# - Други автори (авторска отговорност)
Лично име Волтер, Анете
Автороска отговорност (Описва отношението между автора и произведението) съавт.
9 (RLIN) 265571
700 1# - Други автори (авторска отговорност)
Лично име Пенева, Ваня
Автороска отговорност (Описва отношението между автора и произведението) прев. от нем.
9 (RLIN) 363385
852 ## - Местоположение
Форматна сигнатура Цб 197745
856 4# - Електронен адрес и достъп
Електронен формат pdf - файл
Път до файла /url/
856 4# - Електронен адрес и достъп
Електронен формат pdf - файл
Път до файла /url/
942 ## - АРТИКУЛИ
Вид на библиотечния материал Книги
Скрит в OPAC Не
Koha issues (borrowed), all copies 6
944 ## - СЪЗДАВАНЕ И РЕДАКЦИЯ на ЗАПИСА
Създаване/Редакция Създаване
Дата на регистрацията/редакция 15.01.2003
Служител, извършил регистрацията/редакцията 30543
Статус, дата на статуса Ива Цветкова
944 ## - СЪЗДАВАНЕ И РЕДАКЦИЯ на ЗАПИСА
Създаване/Редакция Редакция
Дата на регистрацията/редакция 16.10.2008
Служител, извършил регистрацията/редакцията
999 ## - СИСТЕМНИ КОНТРОЛНИ НОМЕРА
Koha biblionumber 21287
Koha biblioitemnumber 21287
Наличности
Код за отписване Код за изгубен артикул Източник на класификационната схема Код за повреда Коз за рестрикции Код за отдаване Артикулен № Име на библиотеката - собственик Име на библиотеката, в която се намира в момента Статус (Текущо местоположение) Дата на вписване в системата Местоположение - отдел Цена в лева Инвентарен номер Систематично азбучна сигнатура Баркод Номер на екземпляра Цена в евро Служебна бележка Служебен тип на артикула
  Не е изгубен Universal Decimal Classification Не е повреден без рестрикции ползва се в читалня 35170 Регионална библиотека "Любен Каравелов" Русе Регионална библиотека "Любен Каравелов" Русе Хранилище 2001-01-01 Хранилище 0.00 642820 Цб 197745 120000642820 1 0.00 Дост: Dp Вид: Д N: стар фонд Дата: 01.01.1998 Книги
  Не е изгубен   Не е повреден без рестрикции заемане за дома 35171 Регионална библиотека "Любен Каравелов" Русе Регионална библиотека "Любен Каравелов" Русе Детски отдел 2008-09-26 Детски отдел 7.50 120000729743 ДН 636/639/Б 45 120000729743 2 3.83 Дост: Pk Вид: Ф N: 8935 Дата: 24.09.2008 Дата инв: 20.08.2015 Бележки инв: Д2015 Книги
  Не е изгубен   Не е повреден без рестрикции заемане за дома 35172 Регионална библиотека "Любен Каравелов" Русе Регионална библиотека "Любен Каравелов" Русе Детски отдел 2008-09-30 Детски отдел 7.50 120000730056 ДН 636/639/Б 45 120000730056 3 3.83 Дост: Pk Вид: Ф N: 8939 Дата: 24.09.2008 Дата инв: 20.08.2015 Бележки инв: Д2015 Книги
Vip Innovations Ltd, Rousse, Bulgaria 2025